| 000 | 00000cam 2200000zi 4500 |
| 001 | 9.957393 |
| 003 | CaOODSP |
| 005 | 20260603082428 |
| 006 | m o d f |
| 007 | cr cn||||||||| |
| 008 | 251118t20252025onc ob f000 0 eng d |
| 020 | |a9780660797700 |
| 040 | |aCaOODSP|beng|erda|cCaOODSP |
| 043 | |an-cn--- |
| 086 | 1 |aT94-105/2025E-PDF |
| 245 | 00|aInternational law and the human right to adequate housing for women, two-spirit, trans, and gender diverse people. |
| 264 | 1|aOttawa, Ontario : |bHousing, Infrastructure and Communities Canada, |c2025. |
| 264 | 4|c©2025 |
| 300 | |a1 online resource (39 unnumbered pages) |
| 336 | |atext|btxt|2rdacontent |
| 337 | |acomputer|bc|2rdamedia |
| 338 | |aonline resource|bcr|2rdacarrier |
| 500 | |aCover title. |
| 500 | |aIssued also in French under title: Le droit international et le droit à un logement suffisant pour les femmes, les personnes bispirituelles, transgenres et issues de la diversité de genre. |
| 500 | |a"National Housing Council." |
| 500 | |a"The Neha Review Panel." |
| 504 | |aIncludes bibliographical references. |
| 520 | |a"This paper, prepared for the Neha review panel, considers the right to adequate housing by (1) providing a substantive overview of the scope of the right to adequate housing under international law; (2) examining the domestic application of the right in Canada; and (3) reviewing the concerns raised by international human rights bodies over the violation of this right in Canada"--Introduction, page 1. |
| 650 | 0|aRight to housing|zCanada. |
| 650 | 0|aWomen|xHousing|zCanada. |
| 650 | 0|aTwo-spirit people|xHousing|zCanada. |
| 650 | 0|aTrans people|xHousing|zCanada. |
| 650 | 0|aGender-nonconforming people|xHousing|zCanada. |
| 710 | 1 |aCanada. |bHousing, Infrastructure and Communities Canada, |eissuing body. |
| 775 | 08|tLe droit international et le droit à un logement suffisant pour les femmes, les personnes bispirituelles, transgenres et issues de la diversité de genre / |w(CaOODSP)9.957394 |
| 856 | 40|qPDF|s683 KB|uhttps://publications.gc.ca/collections/collection_2026/licc-hicc/T94-105-2025-eng.pdf |